Η λαϊκή μουσική παράδοση στην Αγιάσο : βιογραφίες παραδοσιάκων μουσικών : πτυχιακή εργασία

Αποθηκεύτηκε σε:
Λεπτομέρειες βιβλιογραφικής εγγραφής
Κύριος συγγραφέας: Σαβέλου, Μαρία
Συγγραφή απο Οργανισμό/Αρχή: Πανεπιστήμιο Αιγαίου Σχολή Κοινωνικών Επιστημών Τμήμα Κοινωνιολογίας
Άλλοι συγγραφείς: Τσιώλης, Γιώργος (Εισηγητής διατριβής)
Μορφή: Thesis Βιβλίο
Γλώσσα:Greek
Δημοσίευση: 2005
Θέματα:
Διαθέσιμο Online:http://hdl.handle.net/11610/7832
Ετικέτες: Προσθήκη ετικέτας
Δεν υπάρχουν, Καταχωρήστε ετικέτα πρώτοι!

MARC

LEADER 00000cam a2200000 i 4500
001 1/24157
008 060213s2005 gre d
035 |l 10082607 
040 |a GR-MY-UA  |b gre  |e aacr 
041 0 |a gre 
082 0 |a 781.620949582  |2 (22) 
100 1 |a Σαβέλου, Μαρία. 
245 1 2 |a Η λαϊκή μουσική παράδοση στην Αγιάσο :   |b βιογραφίες παραδοσιάκων μουσικών : πτυχιακή εργασία /   |c Σαβέλου Μαρία ; υπεύθυνος καθηγητής Τσιώλης Γ. 
260 |c 2005 
300 |a 164 σ.;  |b πιν., εικ.;  |c 30 εκ. 
502 |a Πτυχιακή εργασία – Πανεπιστήμιο Αιγαίου, Λέσβος, 2003. 
504 |a Βιβλιογραφία: σ. 60-61 
650 0 |a Folk music  |z Greece  |z Hagiasos. 
650 0 |a Musicians  |z Greece  |z Hagiasos. 
650 0 |a Musicians  |z Greece  |z Hagiasos  |x Interviews. 
650 0 0 |a Dissertations, Academic  |z Greece. 
700 1 |a Τσιώλης, Γιώργος.  |4 ths 
710 2 |a Πανεπιστήμιο Αιγαίου  |b Σχολή Κοινωνικών Επιστημών  |b Τμήμα Κοινωνιολογίας. 
852 |a INST  |b LESVOS  |c DIATR  |e 20060213  |h 225  |p 005100034337  |q 005100034337  |t DIE  |y 23 
852 |a INST  |b LESVOS  |c DIATR  |e 20060213  |h 226  |p 005100034251  |q 005100034251  |t DIE  |y 23 
856 |u http://hdl.handle.net/11610/7832 
901 |a BIBL1-2006-1 
909 |a Λ  |b 125303 
909 |a Λ  |b 125302 
924 |a ΣΑΒΕΛΟΥ  |b ΜΑΡΙΑ  |y ΛΕΣΒΟΣ  |z 2005-11 
970 |a ΜΑΡΙΝΑΤΟΥ  |b ΜΥΡΣΙΝΗ  |z 2006/02/13